Handels- und Wirtschaftsgeographie
Gespeichert in:
| Format: | Buch |
|---|---|
| Sprache: | Deutsch |
| Veröffentlicht: |
Leipzig
Hirt
1907
|
| Tags: |
Keine Tags, Fügen Sie das erste Tag hinzu!
|
MARC
| LEADER | 00000nam a2200000 4500 | ||
|---|---|---|---|
| 001 | 0303413 | ||
| 005 | 20240808092153.8 | ||
| 041 | 0 | |a ger | |
| 044 | |a DE | ||
| 245 | 1 | 0 | |a Handels- und Wirtschaftsgeographie |c E. Rasche |
| 264 | 1 | |a Leipzig |b Hirt |c 1907 | |